000 00320nam a22001217a 4500
082 _a297.2
_bMUA
_cM
100 _aMuawiyah, Mulana Muhammad Haroon
_951099
245 _aمثالی عورت
260 _aKarachi,
_bDarul Ishat,
_c2002.
300 _a600p.
526 _a0
_b0
_c0
_d297_200000000000000_MUA
942 _2ddc
_cBK
999 _c553850
_d553850